| 000 | 00513nam a2200205Ia 4500 | ||
|---|---|---|---|
| 003 | GCL | ||
| 008 | 140319s9999 xx 000 0 eng d | ||
| 040 |
_aGCL / _cGCL |
||
| 082 | 0 | 4 |
_aCH _b823.087 _bF M |
| 100 | 1 | _aFROEBEL-KAN CO | |
| 245 | 1 | 0 |
_aMOONFLEET / _cFROEBEL-KAN CO |
| 700 | 1 | _aFOLKNE, J.M. | |
| 260 |
_a[S.N] : _bWORLD INTERNATIONAL PUBLISHING ، _c1991 |
||
| 300 | _a204 PP | ||
| 650 | 0 | 4 | _aLITERATURE |
| 650 | 0 | 4 | _aCHILDREN |
| 650 | 0 | 4 | _aTALES |
| 650 | 0 | 4 | _aCHILDREN - STORIES |
| 942 |
_2ddc _cBK |
||
| 999 |
_c18096 _d18096 |
||